000 00200 a2200097 4500
001 30502
100 _aClementson
245 _aEnglish
260 _aOxford
_bLongman and Co
_c
090 _c20435
_d20435
942 _aNUST-CAE
_cM
_c11598
999 _c265575
_d265575